Normal view MARC view

Entry Personal Name

Number of records used in: 1

001 - CONTROL NUMBER

  • control field: 307612

003 - CONTROL NUMBER IDENTIFIER

  • control field: DLC

005 - DATE AND TIME OF LATEST TRANSACTION

  • control field: 20240920164636.0

008 - FIXED-LENGTH DATA ELEMENTS

  • fixed length control field: 210217n| azannabbn |n aaa c

010 ## - LIBRARY OF CONGRESS CONTROL NUMBER

  • LC control number: no2021018912

035 ## - SYSTEM CONTROL NUMBER

  • System control number: (OCoLC)oca13512744

040 ## - CATALOGING SOURCE

  • Original cataloging agency: OrCS
  • Language of cataloging: eng
  • Description conventions: rda
  • Transcribing agency: OrCS
  • Modifying agency: MY-SjTCS

100 1# - HEADING--PERSONAL NAME

  • Personal name: Deetjen, Thomas A.

372 ## - FIELD OF ACTIVITY

  • Field of activity: Renewable energy sources
  • Field of activity: Energy industries
  • Field of activity: Technical writing
  • Source of term: lcsh

374 ## - OCCUPATION

  • Occupation: College teachers
  • Source of term: lcsh

375 ## - GENDER

  • Gender: male

377 ## - ASSOCIATED LANGUAGE

  • Language code: eng

670 ## - SOURCE DATA FOUND

  • Source citation: Published, 2020:
  • Information found: title page (Thomas Deetjen; a book for novice science and engineering researchers that covers productivity philosophies and a step-by-step task-oriented plan for tackling the research process)

670 ## - SOURCE DATA FOUND

  • Source citation: ThomasDeetjen.com, February 16, 2021
  • Information found: (Thomas Deetjen; focus on energy systems research and renewable energy sources)

670 ## - SOURCE DATA FOUND

  • Source citation: OCLC, February 16, 2021:
  • Information found: (access point: Deetjen, Thomas A.; Deetjen, Thomas ; usage: Thomas A. Deetjen; Thomas Deetjen)